UBT Library

The quantitative practice of anesthesia : (Record no. 47328)

000 -LEADER
fixed length control field 00641pam a2200229 i 4500
001 - CONTROL NUMBER
control field 4190224
005 - DATE AND TIME OF LATEST TRANSACTION
control field 20180827040111.0
008 - FIXED-LENGTH DATA ELEMENTS--GENERAL INFORMATION
fixed length control field 800826s1981 mdua b 001 0 eng
010 ## - LIBRARY OF CONGRESS CONTROL NUMBER
LC control number 80021803
020 ## - INTERNATIONAL STANDARD BOOK NUMBER
International Standard Book Number 0683052004
040 ## - CATALOGING SOURCE
Original cataloging agency DLC
Transcribing agency DLC
Modifying agency DLC
041 ## - LANGUAGE CODE
Language code of text/sound track or separate title eng
060 ## - NATIONAL LIBRARY OF MEDICINE CALL NUMBER
Classification number WO277 L913q
080 ## - UNIVERSAL DECIMAL CLASSIFICATION NUMBER
Universal Decimal Classification number 617.962
082 00 - DEWEY DECIMAL CLASSIFICATION NUMBER
Classification number 617.962
Edition number 19
100 1# - Rafti
Rafti 6
101 ## - Shkurtesa
Shkurtesa ANE
245 14 - TITLE STATEMENT
Title The quantitative practice of anesthesia :
Statement of responsibility, etc Harry J. Lowe, Edward A. Ernst.
504 ## - BIBLIOGRAPHY, ETC. NOTE
Bibliography, etc Includes bibliographical references and index.
906 ## - LOCAL DATA ELEMENT F, LDF (RLIN)
a 7
b cbc
c orignew
d u
e ocip
f 19
g y-gencatlg
942 ## - ADDED ENTRY ELEMENTS (KOHA)
Source of classification or shelving scheme
Item type Books
Holdings
Withdrawn status Lost status Source of classification or shelving scheme Damaged status Not for loan Collection code Permanent location Current location Shelving location Date acquired Total Checkouts Full call number Barcode Date last seen Price effective from Koha item type
          Koleksioni i përgjithshem UBT - Lipjan UBT - Lipjan Koleksioni i përgjithshem 08/27/2018   617.962 LOW 002-3011493 08/27/2018 08/27/2018 Books
UBT Library © 2015-2024. All rights reserved University Education for Business and Technology